Introductory mathematical economics

Guardado en:
Detalles Bibliográficos
Autor principal: Hands, D. Wade
Formato: Libro
Lenguaje:inglés
Publicado: New York Oxford University Press 2004
Edición:2. ed.
Materias:
Etiquetas: Agregar Etiqueta
Sin Etiquetas, Sea el primero en etiquetar este registro!

MARC

LEADER 00000nam$a2200000$$$4500
001 0002686
005 20240226124339.5
020 |a 0-19-513378-1 
041 0 |a eng 
044 |a US 
245 1 0 |a Introductory mathematical economics  |c D. Wade Hands 
250 |a 2. ed. 
264 1 |a New York  |b Oxford University Press  |c 2004 
300 |a 381 s. 
610 2 0 |a matematika 
610 2 0 |a ekonómia 
610 2 0 |a matematika hospodárska 
610 2 0 |a funkcie matematické 
610 2 0 |a teórie ekonomické 
610 2 0 |a modely matematické 
100 1 |a Hands, D. Wade